000
00288nam a2200109Ia 4500
008
221009s9999 xx 000 0 und d
082
_a
732.44/VAT
100
_a
Vatsyayan Kapila
_9
1596
245
4
_a
The Square & The Circle Of The Indian Arts
260
_b
Abhinav Publication
942
_c
BK
999
_c
64884
_d
64884